[Event "II Liga CS - Istok"]
[Site "Golubac"]
[Date "2008.10.17"]
[Round "7.1"]
[White "Govedarica, Radovan"]
[Black "Kostic, Nebojsa"]
[Result "1/2-1/2"]
[WhiteElo "2399"]
[BlackElo "2315"]
[PlyCount "52"]
[EventDate "2008.09.14"]

1. e4 c6 2. d4 d5 3. Nd2 dxe4 4. Nxe4 Bf5 5. Ng3 Bg6 6. N1e2 Nf6 7. Nf4 e5 8.
Nxg6 hxg6 9. dxe5 Qa5+ 10. Bd2 Qxe5+ 11. Qe2 Qxe2+ 12. Bxe2 Nbd7 13. O-O Bd6
14. Rad1 O-O 15. Bc3 Be5 16. Bxe5 Nxe5 17. Rd2 Rfd8 18. Rfd1 Rxd2 19. Rxd2 Kf8
20. Nf1 Ke7 21. Ne3 g5 22. h3 g6 23. Nc4 Nxc4 24. Bxc4 Ne8 25. Re2+ Kf6 26. Rd2
Ke7 1/2-1/2

[Event "II Liga CS - Istok"]
[Site "Golubac"]
[Date "2008.10.17"]
[Round "7.1"]
[White "Mitrovic, Darko R"]
[Black "Dezelin, Milan"]
[Result "1/2-1/2"]
[WhiteElo "2321"]
[BlackElo "2318"]
[PlyCount "94"]
[EventDate "2008.09.14"]

1. e4 c5 2. Nf3 Nc6 3. d4 cxd4 4. Nxd4 g6 5. c4 Bg7 6. Be3 Nf6 7. Nc3 d6 8. Be2
O-O 9. O-O Nxd4 10. Bxd4 Be6 11. f3 Nd7 12. Nd5 Bxd5 13. cxd5 Bxd4+ 14. Qxd4
Qb6 15. Qxb6 Nxb6 16. Rfc1 Rfc8 17. Kf2 Kg7 18. Ke3 Rxc1 19. Rxc1 Rc8 20. Rxc8
Nxc8 21. Kd4 Nb6 22. f4 e6 23. dxe6 fxe6 24. e5 d5 25. Kc5 Nc8 26. a4 Kf7 27.
a5 Ke7 28. b4 Kd7 29. g4 Kc7 30. f5 b6+ 31. Kd4 gxf5 32. gxf5 Ne7 33. axb6+
axb6 34. fxe6 Nc6+ 35. Kxd5 Nxb4+ 36. Ke4 Kd8 37. h4 Ke7 38. Bc4 Nc6 39. h5 Na5
40. Bd5 b5 41. Kd4 b4 42. h6 b3 43. Kc3 b2 44. Kxb2 Nc6 45. Bxc6 Kxe6 46. Be4
Kxe5 47. Bxh7 Kf6 1/2-1/2

[Event "II Liga CS - Istok"]
[Site "Golubac"]
[Date "2008.10.17"]
[Round "7.1"]
[White "Lapcevic, Milos"]
[Black "Djokic, Vladan"]
[Result "1-0"]
[WhiteElo "2342"]
[BlackElo "2284"]
[PlyCount "73"]
[EventDate "2008.09.14"]

1. d4 Nf6 2. c4 e6 3. Nc3 Bb4 4. Qc2 c5 5. dxc5 O-O 6. a3 Bxc5 7. Nf3 b6 8. Bg5
h6 9. Bh4 Be7 10. e4 Bb7 11. Be2 Nh5 12. Bxe7 Qxe7 13. O-O Nf4 14. Rfe1 Nxe2+
15. Qxe2 Nc6 16. Rad1 d6 17. Rd2 Ba6 18. Nb5 Bxb5 19. cxb5 Ne5 20. Nd4 Qf6 21.
Nc6 Nxc6 22. bxc6 d5 23. Rc1 Rfc8 24. b4 dxe4 25. b5 Qe5 26. Rd7 a6 27. bxa6
Qa5 28. c7 b5 29. Qxe4 Qxa6 30. Rcd1 Qa5 31. Rxf7 Qa4 32. Rxg7+ Kxg7 33. Qe5+
Kg8 34. Qxe6+ Kh8 35. Qxh6+ Kg8 36. Qg6+ Kh8 37. Rd7 1-0

[Event "II Liga CS - Istok"]
[Site "Golubac"]
[Date "2008.10.17"]
[Round "7.1"]
[White "Stankovic, Dejan"]
[Black "Djokic, Nebojsa"]
[Result "1-0"]
[WhiteElo "2228"]
[BlackElo "2220"]
[PlyCount "79"]
[EventDate "2008.09.14"]

1. e4 c5 2. Nf3 Nc6 3. Bb5 g6 4. O-O Bg7 5. Re1 Nf6 6. e5 Nd5 7. Nc3 Nc7 8.
Bxc6 dxc6 9. Ne4 b6 10. Nf6+ Kf8 11. Ne4 Bg4 12. d3 h6 13. h3 Bxf3 14. Qxf3 Ne6
15. Ng3 Qd5 16. Qxd5 cxd5 17. c3 Nd8 18. f4 e6 19. b4 cxb4 20. cxb4 Ke8 21. Ne2
Bf8 22. Bd2 Kd7 23. Rec1 Nc6 24. b5 Ne7 25. a4 Nf5 26. d4 Be7 27. Rc6 Rhc8 28.
Rac1 Bd8 29. Bb4 Ne3 30. Rxc8 Rxc8 31. Rxc8 Kxc8 32. Kf2 Nc4 33. g4 Nb2 34. Kf3
Nxa4 35. f5 gxf5 36. gxf5 Bg5 37. fxe6 fxe6 38. Kg4 Kb7 39. h4 Be3 40. Kf3 1-0

[Event "II Liga CS - Istok"]
[Site "Golubac"]
[Date "2008.10.17"]
[Round "7.1"]
[White "Madjar, Stanislav"]
[Black "Keca, Dragomir"]
[Result "1/2-1/2"]
[WhiteElo "2205"]
[BlackElo "2202"]
[PlyCount "56"]
[EventDate "2008.09.14"]

1. c4 e6 2. Nc3 d5 3. d4 Be7 4. Nf3 Nf6 5. cxd5 exd5 6. Bg5 Nbd7 7. e3 c6 8.
Qc2 O-O 9. Bd3 Re8 10. O-O Nf8 11. Rab1 Ne4 12. Bxe7 Qxe7 13. b4 a6 14. a4 Nxc3
15. Qxc3 Be6 16. Rfc1 Rec8 17. Nd2 Ng6 18. Bxg6 hxg6 19. Nb3 Qg5 20. Qe1 Bf5
21. Rb2 Re8 22. Nc5 Re7 23. Qf1 Kh7 24. Kh1 Qf6 25. Qe2 Rae8 26. Qd2 Ra8 27.
Qe2 Rae8 28. Qd2 Ra8 1/2-1/2

[Event "II Liga CS - Istok"]
[Site "Golubac"]
[Date "2008.10.17"]
[Round "7.1"]
[White "Zivkovic, Branimir"]
[Black "Dimitrijevic, Radmilo"]
[Result "0-1"]
[WhiteElo "2217"]
[BlackElo "2186"]
[PlyCount "83"]
[EventDate "2008.09.14"]

1. e4 c5 2. Nf3 g6 3. d4 cxd4 4. Nxd4 Bg7 5. Nc3 Nc6 6. Be3 Nf6 7. Be2 O-O 8.
O-O d6 9. f4 Qb6 10. e5 dxe5 11. fxe5 Nxe5 12. Nf5 Qe6 13. Nxg7 Kxg7 14. Qd2
Kg8 15. Rae1 Bd7 16. Bh6 Rfd8 17. Qf4 Bc6 18. Bd1 Nfd7 19. Re3 f6 20. Rfe1 Nb6
21. b3 Rd2 22. R1e2 Rd7 23. Rf2 Rad8 24. Be2 Rd4 25. Qg3 Nd5 26. Nxd5 Qxd5 27.
Bf4 Nf7 28. Rxe7 Qc5 29. Qe3 Ne5 30. Re6 Qxc2 31. Bf1 Qe4 32. Qh3 Bd7 33. Bxe5
fxe5 34. Re2 Qd5 35. Rxg6+ hxg6 36. Qh6 Qf7 37. Qg5 Rf8 38. Qc1 Bb5 39. Re1
Qxf1+ 40. Rxf1 Rxf1+ 41. Qxf1 Bxf1 42. Kxf1 0-1

[Event "II Liga CS - Istok"]
[Site "Golubac"]
[Date "2008.10.17"]
[Round "7.2"]
[White "Garic, Radomir"]
[Black "Kraguljac, Pero"]
[Result "1-0"]
[WhiteElo "2251"]
[BlackElo "2207"]
[PlyCount "111"]
[EventDate "2008.09.14"]

1. e4 d6 2. d4 Nf6 3. Nc3 g6 4. Be3 Bg7 5. f3 c6 6. Qd2 Nbd7 7. Nge2 O-O 8. g4
e5 9. O-O-O b5 10. Ng3 b4 11. Nce2 Qa5 12. Kb1 c5 13. dxc5 dxc5 14. Nc1 Qc7 15.
h4 Rb8 16. h5 c4 17. hxg6 fxg6 18. g5 Nb6 19. gxf6 Bxf6 20. Qd6 Qxd6 21. Rxd6
Be7 22. Rc6 Bd8 23. Bxb6 Bxb6 24. Bxc4+ Kg7 25. Be2 Rf7 26. Rd1 Bf2 27. Nh1 Bd4
28. Nb3 Bb6 29. Nc5 Bh3 30. Nf2 Bc8 31. Nfd3 Bc7 32. Ne6+ Bxe6 33. Rxe6 Rb5 34.
Nf2 Rb6 35. Rxb6 Bxb6 36. Nd3 Kf6 37. Nxb4 Kg5 38. Nd5 Bf2 39. Rf1 Bc5 40. b4
Rb7 41. Ba6 Rb8 42. a3 h5 43. Kc1 Bb6 44. c4 Bd4 45. c5 h4 46. c6 Rh8 47. c7 h3
48. c8=Q Rxc8+ 49. Bxc8 h2 50. Bh3 Kh4 51. Bg2 g5 52. Bh1 Kh5 53. Kc2 Kg6 54.
Kd3 Kf7 55. f4 gxf4 56. Rxf4+ 1-0

[Event "II Liga CS - Istok"]
[Site "Golubac"]
[Date "2008.10.17"]
[Round "7.2"]
[White "Marinkovic, Velibor"]
[Black "Petrovic, Dragan R"]
[Result "1-0"]
[WhiteElo "2139"]
[BlackElo "2189"]
[PlyCount "84"]
[EventDate "2008.09.14"]

1. e4 e6 2. d4 b6 3. Bd3 Bb7 4. Nf3 d6 5. O-O Nd7 6. c4 Ngf6 7. Re1 e5 8. Nc3
Be7 9. h3 O-O 10. Nd5 Nxd5 11. cxd5 Bf6 12. Bb5 Nb8 13. Be3 a6 14. Bf1 Re8 15.
Rc1 exd4 16. Bxd4 c5 17. Bc3 b5 18. g3 Nd7 19. Bg2 b4 20. Bxf6 Qxf6 21. b3 a5
22. Nh2 a4 23. Ng4 Qd4 24. Qxd4 cxd4 25. Red1 axb3 26. axb3 Nc5 27. Rc4 h5 28.
Nh2 d3 29. Rxb4 Ra2 30. Nf1 f5 31. exf5 Ree2 32. Rf4 Ba6 33. Ne3 Nxb3 34. Bf1
Red2 35. Rb1 Rdb2 36. Rxb2 Rxb2 37. f6 gxf6 38. Rxf6 Nd2 39. Rxd6 Nxf1 40. Kxf1
Rb1+ 41. Kg2 Bb5 42. Rb6 d2 1-0

[Event "II Liga CS - Istok"]
[Site "Golubac"]
[Date "2008.10.17"]
[Round "7.2"]
[White "Zivkovic, Nemanja"]
[Black "Stevic, Zarko"]
[Result "1-0"]
[WhiteElo "2072"]
[BlackElo "2290"]
[PlyCount "59"]
[EventDate "2008.09.14"]

1. e4 c5 2. Nf3 e6 3. d4 cxd4 4. Nxd4 Nf6 5. Bd3 d6 6. Nc3 a6 7. O-O Be7 8. Kh1
Nc6 9. Nxc6 bxc6 10. f4 Qc7 11. Qe2 e5 12. fxe5 dxe5 13. Bc4 O-O 14. h3 Ne8 15.
Be3 Nd6 16. Bb3 a5 17. Qh5 a4 18. Nxa4 Nxe4 19. Rxf7 Kh8 20. Rxf8+ Bxf8 21. Qf3
Nf6 22. Nb6 Rb8 23. Nxc8 Qxc8 24. Rd1 Be7 25. Bf2 c5 26. Qe2 Qf5 27. Rf1 Ne4
28. Be1 Qg6 29. Qd3 Rd8 30. Qxd8+ 1-0

[Event "II Liga CS - Istok"]
[Site "Golubac"]
[Date "2008.10.17"]
[Round "7.2"]
[White "Lazic, Milan"]
[Black "Trickovic, Vladimir"]
[Result "0-1"]
[WhiteElo "2094"]
[BlackElo "1946"]
[PlyCount "120"]
[EventDate "2008.09.14"]

1. e4 c5 2. Nf3 d6 3. d4 cxd4 4. Nxd4 Nf6 5. Nc3 g6 6. Bc4 Bg7 7. O-O O-O 8.
Kh1 Qb6 9. Nb3 Ng4 10. Qe1 Nc6 11. Nd5 Qd8 12. h3 Nf6 13. f4 a6 14. a4 e6 15.
Nxf6+ Bxf6 16. Qf2 Qc7 17. Be3 Bxb2 18. Bb6 Qe7 19. Rad1 Nb8 20. Rd3 Nd7 21.
Ba5 Ba3 22. Bc3 Nc5 23. Nxc5 Bxc5 24. Qg3 f5 25. exf5 Rxf5 26. Qf3 d5 27. Bb3
Bd7 28. Qe2 Bc6 29. g4 Rf7 30. Kh2 Bd6 31. Be5 Bxe5 32. Qxe5 Qf6 33. Re3 Qxe5
34. Rxe5 Re8 35. Kg3 Kg7 36. Rfe1 Ref8 37. Rf1 Bd7 38. c4 dxc4 39. Bxc4 Bxa4
40. Bxe6 Re7 41. Rb1 Bc6 42. h4 Rfe8 43. f5 gxf5 44. gxf5 Kf6 45. Kf4 Rd8 46.
Rb4 Rd1 47. Rc5 Rf1+ 48. Ke3 Rf3+ 49. Ke2 Rh3 50. Rf4 Rg7 51. Bd5 Re7+ 52. Be6
Rc7 53. Kd2 Rh2+ 54. Kc3 Rh3+ 55. Kd2 Rg7 56. Bc4 Rg2+ 57. Ke1 Rh1+ 58. Rf1
Rxf1+ 59. Kxf1 Rh2 60. Bxa6 Rxh4 0-1

[Event "II Liga CS - Istok"]
[Site "Golubac"]
[Date "2008.10.17"]
[Round "7.4"]
[White "Radosavljevic, Slobodan D"]
[Black "Biljanic, Ljubomir"]
[Result "0-1"]
[WhiteElo "2267"]
[BlackElo "2306"]
[PlyCount "58"]
[EventDate "2008.09.14"]

1. c4 e5 2. g3 Nc6 3. Bg2 Nf6 4. Nf3 d6 5. Nc3 g6 6. O-O Bg7 7. d3 O-O 8. Rb1
Nd7 9. b4 h6 10. b5 Ne7 11. a4 f5 12. Qc2 Rb8 13. Nd2 g5 14. Nd5 Nf6 15. Ba3
Be6 16. Rfc1 Rf7 17. Nxf6+ Bxf6 18. a5 b6 19. axb6 axb6 20. Ra1 h5 21. Bb2 h4
22. Ra7 Kg7 23. Rca1 Rc8 24. Ra8 Qh8 25. Rxc8 Bxc8 26. Ra7 Ng6 27. Ra8 Rf8 28.
Ra7 Rf7 29. Nf1 f4 0-1

[Event "II Liga CS - Istok"]
[Site "Golubac"]
[Date "2008.10.17"]
[Round "7.4"]
[White "Kulak, Dejan"]
[Black "Markovic, Milan D"]
[Result "1/2-1/2"]
[WhiteElo "2280"]
[BlackElo "2349"]
[PlyCount "67"]
[EventDate "2008.09.14"]

1. e4 c5 2. Nf3 g6 3. d4 cxd4 4. Nxd4 Nc6 5. c4 Bg7 6. Be3 Nf6 7. Nc3 O-O 8.
Be2 b6 9. O-O Bb7 10. Qd2 Nxd4 11. Bxd4 e5 12. Bxe5 Nxe4 13. Nxe4 Bxe5 14. Nc3
Re8 15. Nd5 Bxd5 16. cxd5 Qf6 17. Rab1 Bxh2+ 18. Kxh2 Qe5+ 19. Kg1 Qxe2 20. Qb4
Qe7 21. d6 Qf6 22. Rfe1 Rxe1+ 23. Rxe1 Rc8 24. Qd2 Rc5 25. Re7 Rb5 26. Qh6 Re5
27. Rxd7 Re1+ 28. Kh2 Re4 29. Kg1 Rd4 30. Rxa7 Rd1+ 31. Kh2 Qxd6+ 32. f4 Qb8
33. Re7 Rd8 34. g4 1/2-1/2

[Event "II Liga CS - Istok"]
[Site "Golubac"]
[Date "2008.10.17"]
[Round "7.4"]
[White "Popovic, Djordje D"]
[Black "Pantic, Milivoje"]
[Result "1-0"]
[WhiteElo "2270"]
[BlackElo "2172"]
[PlyCount "80"]
[EventDate "2008.09.14"]

1. d4 Nf6 2. c4 e6 3. Nc3 Bb4 4. e3 c5 5. Bd3 d5 6. Nf3 dxc4 7. Bxc4 O-O 8. O-O
Qe7 9. Qe2 Bd7 10. Rd1 cxd4 11. exd4 h6 12. Bf4 Nc6 13. Rac1 Rfc8 14. Ne5 Nxe5
15. dxe5 Bxc3 16. bxc3 Nd5 17. Bd2 Qh4 18. Bd3 Bc6 19. g3 Qh3 20. f3 Qh5 21.
Rf1 Rd8 22. c4 Ne7 23. Bb4 Rd7 24. Rcd1 Ng6 25. Bd6 Rad8 26. f4 Qxe2 27. Bxe2
f5 28. Kf2 Nh8 29. Ke3 Nf7 30. Bc5 b6 31. Bb4 g5 32. Rxd7 Rxd7 33. Rg1 g4 34.
Rd1 Rxd1 35. Bxd1 h5 36. Be7 Nh8 37. Bb3 Kf7 38. Bd6 Ng6 39. Bb8 a6 40. Bc7 b5
1-0

[Event "II Liga CS - Istok"]
[Site "Golubac"]
[Date "2008.10.17"]
[Round "7.4"]
[White "Vulicevic, Bratimir"]
[Black "Illijin, Neboisa"]
[Result "1/2-1/2"]
[WhiteElo "2150"]
[BlackElo "2277"]
[PlyCount "27"]
[EventDate "2008.09.14"]

1. d4 Nf6 2. Nf3 e6 3. c4 b6 4. Nc3 Bb4 5. g3 Bb7 6. Bg2 O-O 7. O-O c5 8. d5
Bxc3 9. bxc3 exd5 10. Nh4 Ne4 11. cxd5 Re8 12. Bb2 Nd6 13. Re1 Nc4 14. Qb3
1/2-1/2

[Event "II Liga CS - Istok"]
[Site "Golubac"]
[Date "2008.10.17"]
[Round "7.4"]
[White "Ivanovic, Zoran M"]
[Black "Djukic, Stevan"]
[Result "0-1"]
[WhiteElo "2167"]
[BlackElo "2205"]
[PlyCount "101"]
[EventDate "2008.09.14"]

1. e4 e6 2. d4 d5 3. Nd2 Nf6 4. e5 Nfd7 5. f4 c5 6. c3 Nc6 7. Ndf3 cxd4 8. cxd4
b5 9. Bd3 Qb6 10. Ne2 Ba6 11. O-O b4 12. Kh1 Bxd3 13. Qxd3 Ne7 14. Bd2 a5 15.
Rac1 Qa6 16. Qxa6 Rxa6 17. Rc7 Nb8 18. Rfc1 Nbc6 19. Rb7 g6 20. a3 Nc8 21. Ng5
bxa3 22. Nxf7 axb2 23. Rb1 Rg8 24. Ng5 Nd8 25. R7xb2 h6 26. Nh7 Be7 27. Nf6+
Bxf6 28. exf6 Kf7 29. Rb8 Nd6 30. Ng1 Ne4 31. Be1 Kxf6 32. Nf3 a4 33. Ne5 a3
34. g4 Nd6 35. Ra1 a2 36. Rb2 Nc6 37. Nd7+ Ke7 38. Nc5 Ra3 39. Raxa2 Rxa2 40.
Rxa2 Rb8 41. Bh4+ Kf7 42. Ra6 Rc8 43. Nd7 Nc4 44. Rxc6 Rxc6 45. Nc5 Rb6 46. Bf2
Rb2 47. Kg1 Nd2 48. Nd3 Ra2 49. Nb4 Ra4 50. Nc6 Ne4 51. Ne5+ 0-1

[Event "II Liga CS - Istok"]
[Site "Golubac"]
[Date "2008.10.17"]
[Round "7.5"]
[White "Zlatanovic, Zoran"]
[Black "Dimitrijevic, Srdjan"]
[Result "0-1"]
[WhiteElo "2203"]
[BlackElo "2297"]
[PlyCount "73"]
[EventDate "2008.09.14"]

1. e4 c5 2. Nf3 Nc6 3. d4 cxd4 4. Nxd4 g6 5. Nc3 Bg7 6. Be3 Nf6 7. h3 O-O 8. g3
d5 9. Nxc6 bxc6 10. e5 Nd7 11. f4 e6 12. Qd2 c5 13. Bg2 Rb8 14. Na4 Qc7 15. O-O
Ba6 16. Rfd1 Bb5 17. Nc3 Bc6 18. b3 Rbd8 19. Bf2 f6 20. exf6 Bxf6 21. Rac1 d4
22. Ne4 e5 23. Rf1 Bg7 24. Rce1 Rde8 25. Qd3 Bd5 26. Ng5 Qc6 27. Qc4 Bxc4 28.
Bxc6 Bxf1 29. Bxd7 Ba6 30. Bxe8 Rxe8 31. fxe5 Rxe5 32. Rxe5 Bxe5 33. Ne4 c4 34.
Nc5 Bb5 35. bxc4 Bxc4 36. Nb3 a6 37. g4 0-1

[Event "II Liga CS - Istok"]
[Site "Golubac"]
[Date "2008.10.17"]
[Round "7.5"]
[White "Tosic, Branislav"]
[Black "Stankovic, Ivan G"]
[Result "1-0"]
[WhiteElo "2194"]
[BlackElo "2025"]
[PlyCount "93"]
[EventDate "2008.09.14"]

1. d4 g6 2. c4 Bg7 3. Nc3 d6 4. e4 Nd7 5. Be3 e5 6. Nge2 Ne7 7. Qd2 h6 8. f4
exf4 9. Nxf4 O-O 10. O-O-O Kh7 11. Be2 Nf6 12. h3 g5 13. Nd3 Ng6 14. Nf2 Ng8
15. g4 Be6 16. Rhf1 Qe7 17. Nh1 c5 18. dxc5 dxc5 19. Ng3 Rad8 20. Nd5 Bxd5 21.
exd5 Nh4 22. Bd3+ Kh8 23. Qf2 b6 24. Rde1 Qf6 25. Nh5 Qxf2 26. Rxf2 Rde8 27.
Nxg7 Kxg7 28. Kd2 Nf6 29. Ref1 Nd7 30. a3 a5 31. b4 axb4 32. axb4 cxb4 33. Rb1
Ra8 34. Rxb4 Nc5 35. Bd4+ f6 36. Rxb6 Ra2+ 37. Rb2 Nf3+ 38. Rxf3 Nb3+ 39. Kc3
Rxb2 40. Kxb2 Nxd4 41. Rf2 f5 42. Kc3 fxg4 43. Rxf8 Kxf8 44. Kxd4 gxh3 45. Ke3
h5 46. Kf2 h4 47. Bf5 1-0

[Event "II Liga CS - Istok"]
[Site "Golubac"]
[Date "2008.10.17"]
[Round "7.5"]
[White "Stankovic, Goran"]
[Black "Stojanovic, Sreten"]
[Result "1-0"]
[WhiteElo "2055"]
[BlackElo "2200"]
[PlyCount "113"]
[EventDate "2008.09.14"]

1. e4 d5 2. exd5 Qxd5 3. Nf3 Nf6 4. Be2 c6 5. O-O Bg4 6. d4 e6 7. c4 Qa5 8. Nc3
Nbd7 9. a3 Be7 10. Bf4 Qf5 11. Qd2 g5 12. Nxg5 Bxe2 13. Nxe2 Nh5 14. Nf3 Rg8
15. Bg3 h6 16. Rad1 Ndf6 17. Nc3 Rd8 18. Qe3 Ng4 19. Qe4 Nxg3 20. hxg3 Qh5 21.
Rfe1 Rg6 22. d5 cxd5 23. Nxd5 Bd6 24. Nf4 Bxf4 25. Rxd8+ Kxd8 26. Qxf4 Ke7 27.
Qc7+ Kf6 28. Qxb7 Qc5 29. Rf1 Qxc4 30. Qxa7 e5 31. Re1 Kg7 32. Nh4 Rc6 33. Nf5+
Kf6 34. Ne3 Nxe3 35. Qxe3 Qc5 36. Qxh6+ Ke7 37. Qe3 Qxe3 38. Rxe3 Rc1+ 39. Kh2
Kd6 40. f4 f6 41. fxe5+ fxe5 42. g4 Kd5 43. Kg3 Kd4 44. Kf2 e4 45. g5 Rc2+ 46.
Re2 Rc5 47. Rd2+ Ke5 48. Ke3 Rc1 49. g6 Rc6 50. Rd4 Rxg6 51. Rxe4+ Kd5 52. g4
Rh6 53. Rb4 Re6+ 54. Kf4 Re1 55. Kf5 Rf1+ 56. Kg6 Ke6 57. g5 1-0

[Event "II Liga CS - Istok"]
[Site "Golubac"]
[Date "2008.10.17"]
[Round "7.6"]
[White "Raicevic, Ivica"]
[Black "Denovic, Branislav"]
[Result "1-0"]
[WhiteElo "2303"]
[BlackElo "2135"]
[PlyCount "71"]
[EventDate "2008.09.14"]

1. c4 c5 2. Nc3 Nf6 3. e4 Nc6 4. g3 e5 5. Bg2 Be7 6. d3 O-O 7. Nge2 d6 8. h3
Be6 9. O-O Qd7 10. Kh2 Ne8 11. f4 f5 12. Nd5 Bd8 13. exf5 Bxf5 14. g4 Bxg4 15.
hxg4 Qxg4 16. Ng3 Qh4+ 17. Bh3 exf4 18. Rxf4 Rxf4 19. Bxf4 g5 20. Nf5 Qf2+ 21.
Bg2 gxf4 22. Qg4+ Kh8 23. Rf1 Ne5 24. Qh5 Ng7 25. Qh3 Qe2 26. Nxf4 Qxb2 27.
Nxg7 Bf6 28. Ngh5 Bg5 29. Ne6 Be7 30. Kh1 Rg8 31. Be4 Ng4 32. Nf6 Nxf6 33. Rxf6
Rg7 34. Nxg7 Qa1+ 35. Rf1 Qxg7 36. Rg1 1-0

[Event "II Liga CS - Istok"]
[Site "Golubac"]
[Date "2008.10.17"]
[Round "7.6"]
[White "Zafirovski, Mite"]
[Black "Djuric, Ranko"]
[Result "1/2-1/2"]
[WhiteElo "2270"]
[BlackElo "2148"]
[PlyCount "45"]
[EventDate "2008.09.14"]

1. d4 Nf6 2. c4 g6 3. g3 Bg7 4. Bg2 O-O 5. Nc3 d6 6. Nf3 Nbd7 7. O-O Re8 8. d5
e5 9. e4 h6 10. Ne1 Nf8 11. Nd3 N8h7 12. Bd2 Bd7 13. c5 Qe7 14. b4 g5 15. a4 b6
16. Rc1 a5 17. cxd6 cxd6 18. Qb3 Reb8 19. Nb5 Bxb5 20. axb5 a4 21. Qc2 Ne8 22.
Ra1 Rc8 23. Qd1 1/2-1/2

[Event "II Liga CS - Istok"]
[Site "Golubac"]
[Date "2008.10.17"]
[Round "7.6"]
[White "Bura, Goran"]
[Black "Jovic, Dusan"]
[Result "1-0"]
[WhiteElo "2152"]
[BlackElo "2150"]
[PlyCount "184"]
[EventDate "2008.09.14"]

1. e4 e5 2. Nf3 Nc6 3. Bc4 Bc5 4. O-O Nf6 5. d3 h6 6. c3 O-O 7. d4 Bd6 8. Re1
Re8 9. Nbd2 exd4 10. cxd4 Bf4 11. e5 Nh7 12. Bd3 Nf8 13. Nc4 Bxc1 14. Rxc1 d5
15. Ne3 Be6 16. Bb5 Qd7 17. Qa4 Rab8 18. Rxc6 bxc6 19. Bxc6 Qe7 20. Bxe8 Qxe8
21. Qxe8 Rxe8 22. Rc1 Rb8 23. b3 Rb7 24. Ne1 Rb4 25. N1c2 Rb6 26. Ne1 c6 27. f4
g6 28. g4 Bd7 29. f5 h5 30. h3 Nh7 31. Nf3 hxg4 32. hxg4 a5 33. Rc3 a4 34. Kf2
Nf8 35. Kg3 Rb4 36. Nc2 Rb6 37. Kf4 Kg7 38. b4 Bc8 39. Ra3 Ra6 40. Nfe1 Nd7 41.
Nd3 Nb6 42. Ne3 Ra8 43. Rc3 Bd7 44. a3 Rh8 45. Nf2 gxf5 46. gxf5 Rh4+ 47. Nfg4
Kf8 48. Rc2 Rh8 49. Rh2 Rxh2 50. Nxh2 Ke7 51. Nhg4 Bc8 52. Kg5 Ba6 53. Kh6 Bd3
54. Kg7 Nc4 55. e6 f6 56. Kg6 Nxa3 57. Nxf6 Nb5 58. Ng8+ Kf8 59. e7+ Ke8 60.
Ng4 Bxf5+ 61. Kxf5 Nc7 62. Ke5 Kd7 63. Ne3 a3 64. Nc2 a2 65. Kf6 Ke8 66. Na1
Nb5 67. Ke5 Kd7 68. Nb3 Nc7 69. Kf6 Ke8 70. Na1 Nb5 71. Nh6 Nxd4 72. Ke5 Nb5
73. Nf5 Kd7 74. Nb3 Nc7 75. Kf6 Ke8 76. Nfd4 Kd7 77. Kf7 Ne8 78. Kf8 Nf6 79.
Nc5+ Kd6 80. Ndb3 Ke5 81. Kf7 Kf5 82. Nd7 Ne4 83. Nd4+ Kf4 84. Nc2 Kf5 85. Nc5
Nd6+ 86. Kf8 d4 87. Nxd4+ Ke5 88. Nc2 Kd5 89. Nb7 Nxb7 90. e8=Q Nd6 91. Qa8 Kc4
92. Qxa2+ Kc3 1-0